000 00376nam a2200145Ia 4500
008 221030s9999 xx 000 0 und d
020 _a9351611813
041 _aEnglish
100 _aL. M. Prasad
245 0 _aPrinciples & Practice Of Management
_cby L. M. Prasad
260 _bSultan chand & Sons
_aNew Delhi
_c2021
300 _a536
650 _aManagement
942 _cBK
999 _c18606
_d18606